Statistics for Countries Hulk has visited

Click here to take the quiz!

General Stats

  • This quiz has been taken 14 times
  • The average score is 6 of 8

Answer Stats

Continent Country % Correct
South AmericaBrazil
100%
North AmericaCanada
100%
North AmericaMexico
100%
North AmericaUnited States of America
100%
AfricaWakanda
77%
AfricaSouth Africa
69%
North AmericaGuatemala
46%
EuropeSokovia
38%

Score Distribution

Percentile by Number Answered

Percent of People with Each Score

Your Score History

You have not taken this quiz